[Event "Tilburg"]
[Site "Tilburg"]
[Date "1994.??.??"]
[Round "1"]
[White "Sermek, Drazen"]
[Black "Magerramov, Elmar"]
[Result "1-0"]
[WhiteElo "2515"]
[BlackElo "2580"]

1.e4 c5 2.c3 d5 3.exd5 Qxd5 4.d4 Nf6 5.Nf3 e6 6.Na3 Nc6 7.Nb5 Qd7 8.dxc5 Bxc5
9.Qxd7+ Kxd7 10.Bf4 Nd5 11.O-O-O Ke7 12.Bg3 a6 13.Nbd4 Nxd4 14.Nxd4 Rd8 15.Be2 Bd7
16.Bf3 Ba4 17.Rd2 Rd7 18.Re1 Rad8 19.Re4 Nf6 20.Nf5+ Kf8 21.Rxd7 Bxd7 22.Rc4 exf5
23.Rxc5 Ne4 24.Rd5 Nxg3 25.hxg3 Ke7 26.Ra5 Rb8 27.c4 g5 28.Kd2 Be6 29.Kc3 Rc8
30.b3 Rc7 31.Kd4 h6 32.Rc5 Rd7+ 33.Bd5 h5 34.b4 Kf6 35.a4 g4 36.a5 f4 37.b5 fxg3
38.fxg3 axb5 39.Rxb5 Bxd5 40.Rxd5 Re7 41.Rxh5 Re2 42.Rb5 Rxg2 43.Rb3 Ra2
44.Rb6+ Kg5 45.Rxb7 f5 46.Rb5 Ra3 47.c5 Rxg3 48.c6 Rg1 49.Rc5 g3 50.c7 Rd1+
51.Ke5 Re1+ 52.Kd6  1-0

[Event "Tilburg"]
[Site "Tilburg"]
[Date "1994.??.??"]
[Round "1"]
[White "Serper, Grigory"]
[Black "Riemersma, Liafbern"]
[Result "1-0"]
[WhiteElo "2575"]
[BlackElo "2440"]

1.c4 e5 2.g3 Nc6 3.Bg2 g6 4.e3 Bg7 5.Ne2 Nge7 6.Nbc3 d6 7.O-O O-O 8.d3 Bg4
9.h3 Be6 10.Nd5 Qd7 11.Kh2 f5 12.Rb1 a6 13.Nec3 Rae8 14.b4 Nd8 15.b5 c6 16.Nb6 Qc7
17.bxc6 bxc6 18.d4 f4 19.gxf4 exd4 20.exd4 Nc8 21.Nca4 Nxb6 22.Nxb6 Bf5 23.Rb3 Ne6
24.d5 Nc5 25.dxc6 Nxb3 26.Nd5 Qc8 27.axb3 Kh8 28.Ba3 Re6 29.c7 Qd7 30.Qd2 Be4
31.Bxe4 Rxe4 32.Re1 Rd4 33.Qa5 Rd3 34.Re3 Rxe3 35.fxe3 Qf5 36.Qd2 Qd7 37.Qa5 Qf5
38.Qxa6 g5 39.Qxd6 Qc2+ 40.Kg3 gxf4+ 41.Nxf4 Rg8 42.Qe6  1-0

[Event "Tilburg"]
[Site "Tilburg"]
[Date "1994.??.??"]
[Round "1"]
[White "Shabalov, Alexander"]
[Black "Atalik, Suat"]
[Result "1-0"]
[WhiteElo "2600"]
[BlackElo "2535"]

1.e4 c5 2.Nf3 d6 3.d4 cxd4 4.Nxd4 Nf6 5.Nc3 Nc6 6.Bg5 e6 7.Qd2 a6 8.O-O-O h6
9.Be3 Qc7 10.f3 Rb8 11.Kb1 Be7 12.g4 Nxd4 13.Bxd4 b5 14.h4 e5 15.Be3 Be6
16.Qg2 g6 17.g5 hxg5 18.hxg5 Rxh1 19.Qxh1 Nh5 20.Nd5 Bxd5 21.Rxd5 Bf8 22.Qh2 Bg7
23.Qd2 Rd8 24.a4 Nf4 25.Bxf4 exf4 26.axb5 axb5 27.Bxb5+ Ke7 28.Qxf4 Qb6 29.c3 Rh8
30.Kc2 Rc8 31.Qd2 Rc5 32.Rxc5 Qxc5 33.Ba4 f6 34.gxf6+ Bxf6 35.Qh2 Qh5 36.Qxh5 gxh5
37.f4 h4 38.Bb5 h3 39.Bf1 h2 40.Bg2 Bg7 41.Kd3 Bh6 42.Ke3 Kd7 43.Kf3 Ke6
44.Kg4 Bg7 45.Kg3 Bh6 46.c4  1-0

[Event "Tilburg"]
[Site "Tilburg"]
[Date "1994.??.??"]
[Round "1"]
[White "Smirin, Ilia"]
[Black "Ruban, Vadim"]
[Result "0-1"]
[WhiteElo "2615"]
[BlackElo "2560"]

1.e4 c5 2.Nf3 d6 3.d4 cxd4 4.Nxd4 Nf6 5.Nc3 Nc6 6.Bc4 Qb6 7.Nb3 e6 8.Bf4 Ne5
9.Be2 Bd7 10.O-O Be7 11.Be3 Qc7 12.Nd2 Bc6 13.a4 Ned7 14.f4 O-O 15.Bf3 Rfd8
16.Qe2 b6 17.g4 a6 18.g5 Ne8 19.Bg2 Qb7 20.Rf3 b5 21.Rh3 bxa4 22.Nc4 Nf8
23.Nb6 Rab8 24.Rd1 Nc7 25.Qf2 Nb5 26.Ncd5 exd5 27.exd5 Bd7 28.f5 Re8 29.c4 Bd8
30.Nxd7 Qxd7 31.cxb5 Rxe3 32.Rxe3 Bb6 33.Rde1 Qxb5 34.R1e2 Nd7 35.g6 Nf6
36.Bf3 hxg6 37.fxg6 fxg6 38.Kg2 Rf8 39.Qg3 Bxe3 40.Rxe3 Nxd5 41.Re4 Qxb2+
42.Kh1 Qc3 43.Re8 Qc5 44.Qe1 Rxe8 45.Qxe8+ Kh7 46.Qxa4 Qf2  0-1

[Event "Tilburg"]
[Site "Tilburg"]
[Date "1994.??.??"]
[Round "1"]
[White "Smyslov, Vassily"]
[Black "Seirawan, Yasser"]
[Result "1/2-1/2"]
[WhiteElo "2510"]
[BlackElo "2585"]

1.e4 c6 2.d4 d5 3.Nc3 g6 4.h3 Bg7 5.Nf3 Nh6 6.Bd3 O-O 7.O-O f6 8.Re1 Nf7
9.b3 Re8 10.Bb2 e6 11.Ne2 Nd7 12.c4 dxe4 13.Bxe4 f5 14.Bc2 c5 15.Rb1 cxd4
16.Nexd4 e5 17.Nb5 e4 18.Bxg7 Kxg7 19.Nh2 Nf6 20.Qxd8 Rxd8 21.f3 Bd7 22.Nc3 exf3
23.Nxf3 Bc6 24.Rbd1 Bxf3 25.gxf3 Rxd1 26.Rxd1 Ng5 27.Kg2 Re8 28.h4 Ne6 29.Ne2 Rc8
30.Kf2 Kf7 31.Nd4 Nxd4 32.Rxd4 Ke7 33.Ke3 Rc6 34.b4 a5 35.Ba4 Ra6 36.bxa5 Rxa5
37.Bb3 Nd7 38.Rd2 Nc5 39.Kd4 Ne6+ 40.Kc3 Re5 41.Kb4 Nc7 42.Bd1 Na6+ 43.Kc3 Nc5
44.a4 b6 45.Kb4 Na6+ 46.Kc3 Re1 47.Rd5 Nc7 48.Rd2 Rh1 49.Be2 Rxh4 50.Rb2 Rh2
51.c5 bxc5 52.a5 Kd6 53.Rd2+ Ke5 54.Kc4 Rh4+ 55.Kxc5 Ra4 56.Kc6 Ne6 57.Rd5+ Kf4
58.Kb6 h5 59.a6 h4 60.a7 h3 61.Bf1 h2 62.Bg2 Kg3 63.Rd2 Nc5 64.Bh1 Kh3 65.f4 Ne4
66.Rd8 Kg3 67.a8=Q Rxa8 68.Rxa8 Nf2 69.Ra3+ Kg4 70.Ra2 Kg3 71.Ra3+ Kg4 72.Ra2 Nxh1
73.Rxh2 Ng3 74.Rh6 Kxf4 75.Rxg6 Ke4  1/2-1/2

[Event "Tilburg"]
[Site "Tilburg"]
[Date "1994.??.??"]
[Round "1"]
[White "Sokolov, Andrei"]
[Black "Adianto, Utut"]
[Result "1/2-1/2"]
[WhiteElo "2580"]
[BlackElo "2520"]

1.e4 c6 2.d4 d5 3.exd5 cxd5 4.c4 Nf6 5.Nc3 Nc6 6.Bg5 e6 7.c5 Be7 8.Nf3 O-O
9.Bb5 Ne4 10.Bxe7 Nxe7 11.O-O Nxc3 12.bxc3 b6 13.cxb6 axb6 14.a4 Ba6 15.Ne5 Qc7
16.Qb3 Bxb5 17.axb5 Rfc8 18.Ra6 f6 19.Nf3 Rab8 20.Rc1 Nf5 21.g3 Qc4 22.Qxc4 Rxc4
23.Nd2 Rc7 24.Re1 Kf7 25.Ra3 Nd6 26.Rb1 Rbb7  1/2-1/2

[Event "Tilburg"]
[Site "Tilburg"]
[Date "1994.??.??"]
[Round "1"]
[White "Sokolov, Ivan"]
[Black "Van Wely, Loek"]
[Result "1/2-1/2"]
[WhiteElo "2625"]
[BlackElo "2560"]

1.d4 Nf6 2.c4 g6 3.Nc3 Bg7 4.e4 d6 5.h3 O-O 6.Nf3 Na6 7.Bg5 h6 8.Be3 e5 9.d5 Nc5
10.Nd2 a5 11.Be2 Nfd7 12.g4 a4 13.Qc2 c6 14.h4 Qa5 15.a3 Nb6 16.h5 cxd5 17.cxd5 f5
18.gxf5 gxf5 19.f3 f4 20.Bf2 Bd7 21.O-O-O Bf6 22.Kb1 Rac8 23.Rc1 Kh7 24.Qd1 Rg8
25.Rg1 Rg5 26.Bh4 Rcg8 27.Bxg5 hxg5 28.Qf1 Kh6 29.Bb5 Bc8 30.Qe2 Be7 31.Qh2 Ncd7
32.Bf1 Nf6 33.Bh3 Qa6 34.Bf1 Qa5 35.Bh3 Qa6 36.Bf1 Qa5 37.Bh3 Qa6 38.Bxc8 Qd3+
39.Ka1 Nxc8 40.Na2 g4 41.Nb4 Qe3 42.Nc2 Qd3 43.Nb4 Qe3 44.Nc2  1/2-1/2

[Event "Tilburg"]
[Site "Tilburg"]
[Date "1994.??.??"]
[Round "1"]
[White "Speelman, Jonathan S"]
[Black "Gurevich, Dmitry"]
[Result "1-0"]
[WhiteElo "2600"]
[BlackElo "2535"]

1.Nf3 d5 2.g3 Bg4 3.Bg2 Nd7 4.O-O e6 5.d4 Bd6 6.Nbd2 c6 7.e4 Ne7 8.h3 Bh5
9.Re1 b5 10.c3 O-O 11.a4 Qb8 12.axb5 cxb5 13.exd5 Nxd5 14.Ne4 Bc7 15.b3 a5
16.Bd2 Ra7 17.c4 bxc4 18.bxc4 Nb4 19.Qa4 Nb6 20.Qb3 Nc6 21.g4 Bg6 22.d5 exd5
23.cxd5 Nd7 24.Qxb8 Ncxb8 25.Nc3 Bd3 26.Nd4 Ra6 27.Ncb5 Bd8 28.Ra3 Bc4 29.Rc1 Bxb5
30.Nxb5 Rb6 31.Bf1 Ne5 32.Bxa5 Rf6 33.Bb4 Re8 34.Nd6 Re7 35.Ne4 Nf3+ 36.Rxf3 Rxe4
37.Rc8  1-0

[Event "Tilburg"]
[Site "Tilburg"]
[Date "1994.??.??"]
[Round "1"]
[White "Stefansson, Hannes"]
[Black "Gurevich, Mikhail"]
[Result "1-0"]
[WhiteElo "2560"]
[BlackElo "2620"]

1.e4 d6 2.d4 Nf6 3.Nc3 g6 4.f4 Bg7 5.Nf3 c5 6.Bb5+ Bd7 7.e5 Ng4 8.e6 Bxb5
9.exf7+ Kd7 10.Nxb5 Qa5+ 11.Nc3 cxd4 12.Nxd4 h5 13.h3 Nc6 14.Ne2 Nh6 15.Be3 Nf5
16.Bf2 Rac8 17.O-O Rhf8 18.Ne4 Nd8 19.c3 Rxf7 20.Qd3 Ne6 21.Rad1 h4 22.Qf3 Qa6
23.Rfe1 Qc6 24.Nd4 Bxd4 25.cxd4 d5 26.Nc3 Nc7 27.Rc1 Qd6 28.Rc2 Rff8 29.Qg4 Qf6
30.Rec1 e6 31.Qd1 Nd6 32.Ne2 Ncb5 33.a4 Rxc2 34.Rxc2 Nc7 35.Qe1 g5 36.fxg5 Qxg5
37.Bxh4 Qg6 38.Qc1 Na6 39.Bg3 Nc4 40.Kh2 Nb4 41.Rxc4 dxc4 42.Qxc4 Nc6 43.b4 Rc8
44.Qb5 b6 45.Qa6 Ne7 46.Qb7+ Kd8 47.Nf4 Qf5 48.Qxa7 b5 49.axb5 Rc4 50.b6 Rxb4
51.Qb8+ Kd7 52.Nd3 Qxd3 53.Qd6+ Ke8 54.Qxb4 Nf5 55.Be5  1-0

[Event "Tilburg"]
[Site "Tilburg"]
[Date "1994.??.??"]
[Round "1"]
[White "Svidler, Peter"]
[Black "Greenfeld, Alon"]
[Result "1-0"]
[WhiteElo "2550"]
[BlackElo "2600"]

1.e4 c5 2.Nf3 d6 3.d4 cxd4 4.Nxd4 Nf6 5.Nc3 Nc6 6.Bg5 e6 7.Qd2 a6 8.O-O-O h6
9.Bf4 Bd7 10.Nxc6 Bxc6 11.f3 d5 12.Qe1 Bb4 13.a3 Ba5 14.Bd2 Rc8 15.Qg3 d4
16.Ne2 Ba4 17.Bc3 Qb6 18.Rxd4 Bxc3 19.bxc3 Bb5 20.Qxg7 Ke7 21.Nf4 Rhg8 22.Ng6+ Ke8
23.Qxf6 Qc5 24.Bxb5+ axb5 25.Rhd1  1-0

[Event "Tilburg"]
[Site "Tilburg"]
[Date "1994.??.??"]
[Round "1"]
[White "Tkachiev, Vladislav"]
[Black "Bologan, Viktor"]
[Result "1/2-1/2"]
[WhiteElo "2535"]
[BlackElo "2600"]

1.e4 g6 2.d4 Bg7 3.Nc3 c6 4.Nf3 d6 5.Bc4 Nf6 6.Bb3 O-O 7.O-O Bg4 8.h3 Bxf3
9.Qxf3 Nbd7 10.Be3 e6 11.Qd1 a6 12.a4 Rc8 13.Bf4 Ne8 14.Ne2 e5 15.dxe5 dxe5
16.Be3 Nef6 17.Ng3 Qe7 18.c3 Nc5 19.Bc2 h5 20.Qf3 Nh7 21.Rfd1 Ne6 22.Rd2 Nhg5
23.Qd1 Rfd8 24.Ne2 Rxd2 25.Qxd2 Rd8 26.Qe1 Bf8 27.Rd1 Qf6 28.Rxd8 Qxd8 29.Nc1 Nf4
30.h4 Nh7 31.g3 Ne6 32.Nd3 Bd6 33.Bb3 Qe7 34.Kg2 Nf6 35.f3 Nd7 36.Qd2 Ndc5
37.Nxc5 Nxc5 38.Bd1 Ne6 39.b4 Bc7 40.a5 Bd6 41.Bb3 Bc7 42.Bc4 Bd6 43.Kh2 Bc7
44.Qd1 Bd6 45.Bf1 Kg7 46.Qd3 Kg8 47.Bh3 Kg7 48.Qc4 Kg8 49.Kg2 Kg7 50.Kf2 Kf8
51.Ke2 Ke8 52.Ke1  1/2-1/2

[Event "Tilburg"]
[Site "Tilburg"]
[Date "1994.??.??"]
[Round "1"]
[White "Vaganian, Rafael A"]
[Black "Giorgadze, Giorgi"]
[Result "1-0"]
[WhiteElo "2645"]
[BlackElo "2565"]

1.c4 e5 2.g3 Nc6 3.Bg2 g6 4.Nc3 Bg7 5.Rb1 Nf6 6.b4 O-O 7.e3 Ne7 8.Nge2 d5
9.cxd5 Nfxd5 10.O-O c6 11.Qc2 a5 12.bxa5 Qxa5 13.a4 Bg4 14.Ba3 Bxe2 15.Nxe2 Qxa4
16.Qxa4 Rxa4 17.Bxe7 Nxe7 18.Rxb7 Nd5 19.Rd7 e4 20.Rc1 Rb8 21.Rxc6 Ra1+ 22.Bf1 Nf6
23.Rdc7 Ng4 24.Rc8+ Rxc8 25.Rxc8+ Bf8 26.Nc3 f5 27.Kg2 Ne5 28.Be2 h5 29.Re8 Ra5
30.h4 Kf7 31.Rb8 Bd6 32.Rb7+ Kf8 33.Rb6 Bc7 34.Rb2 Ra1 35.Nd5 Ba5 36.Nf4 Ke7
37.Rb7+ Kd6 38.Rb5 Bc7 39.Rb2 Rc1 40.d4 exd3 41.Bxd3 Ke7 42.Bc2 Nc4 43.Ra2 Bxf4
44.gxf4 Nd6 45.Ra7+ Kf8 46.Bb3 Rb1 47.Bd5 Rd1 48.Ra5 Ne8 49.Bf3 Rd2 50.Ra6 Kf7
51.Ra2 Rd6 52.Kf1 Nf6 53.Ke2 Ng4 54.Ba8 Nf6 55.Rc2 Ra6 56.Bc6 Ra1 57.Rb2 Ke7
58.Bf3 Ra3 59.Bg2 Kf8 60.Bc6 Ke7 61.Bb5 Ng4 62.Bc4 Rc3 63.Rb7+ Kf8 64.Bb3 Rc1
65.f3 Nh2 66.Rf7+ Ke8 67.Rf6 Rg1 68.Bf7+ Ke7 69.Rxg6 Rb1 70.Bd5 Rb2+ 71.Ke1 Rb5
72.Rg2 Rxd5 73.Rxh2 Ra5 74.Rb2 Ra1+ 75.Kf2 Rh1 76.Rb6 Kf7 77.Rh6 Rh2+ 78.Kf1  1-0

[Event "Tilburg"]
[Site "Tilburg"]
[Date "1994.??.??"]
[Round "1"]
[White "Vaisser, Anatoli"]
[Black "Antunes, Antonio"]
[Result "0-1"]
[WhiteElo "2575"]
[BlackElo "2510"]

1.c4 c5 2.Nf3 Nf6 3.d4 cxd4 4.Nxd4 g6 5.Nc3 Nc6 6.e4 d6 7.Be2 Nxd4 8.Qxd4 Bg7
9.Bg5 O-O 10.Qd2 Be6 11.Rc1 Qa5 12.f3 Rfc8 13.b3 a6 14.Na4 Qxd2+ 15.Kxd2 Nd7
16.h4 f6 17.Be3 f5 18.exf5 gxf5 19.Bd3 Rab8 20.Nc3 Nc5 21.Nd5 Kf7 22.g4 Nxd3
23.Kxd3 b5 24.Nf4 bxc4+ 25.bxc4 Bd7 26.Nd5 fxg4 27.fxg4 Bxg4 28.Rcf1+ Ke8
29.Rhg1 h5 30.Bd4 Bxd4 31.Kxd4 Rb2 32.Re1 Rd2+ 33.Ke3 Rxa2 34.Kd3 Ra3+ 35.Kd2 Rxc4
36.Rxe7+ Kd8 37.Re3 Ra2+ 38.Kd3 Rc5 39.Nb4 Rb2  0-1

[Event "Tilburg"]
[Site "Tilburg"]
[Date "1994.??.??"]
[Round "1"]
[White "Van Mil, Johannes A J"]
[Black "Dokhoian, Yury"]
[Result "1/2-1/2"]
[WhiteElo "2490"]
[BlackElo "2580"]

1.e4 c5 2.Nf3 Nc6 3.d4 cxd4 4.Nxd4 Nf6 5.Nc3 d6 6.f4 e5 7.Nf3 Be7 8.Bc4 Qa5
9.Qd3 O-O 10.O-O Bg4 11.Kh1 Rac8 12.Bb3 Bxf3 13.gxf3 exf4 14.Bxf4 Ne5 15.Qe2 Rfe8
16.Bd2 Qc7 17.Nb5 Qb8 18.Nd4 Bf8 19.Bg5 Ned7 20.Qg2 g6 21.Rae1 d5 22.exd5 Bg7
23.f4 Rxe1 24.Rxe1 Re8 25.Rxe8+ Qxe8 26.Qe2 Ne4 27.Qe3 Bxd4 28.Qxd4 Nxg5
29.fxg5 Qe1+ 30.Kg2 Qe2+ 31.Qf2 Qg4+ 32.Qg3 Qe2+ 33.Qf2 Qg4+ 34.Qg3 Qe2+
35.Qf2  1/2-1/2

[Event "Tilburg"]
[Site "Tilburg"]
[Date "1994.??.??"]
[Round "1"]
[White "Van Wely, Loek"]
[Black "Sokolov, Ivan"]
[Result "0-1"]
[WhiteElo "2560"]
[BlackElo "2625"]

1.d4 Nf6 2.c4 e6 3.Nf3 d5 4.Nc3 Nbd7 5.Bf4 dxc4 6.e4 Bb4 7.Qc2 b5 8.e5 Nd5
9.Bg5 f6 10.exf6 N7xf6 11.a4 Bb7 12.Be2 a6 13.O-O c6 14.Ne5 O-O 15.Bg4 Qd6
16.Bh3 Bxc3 17.bxc3 c5 18.axb5 axb5 19.Nf3 Rxa1 20.Rxa1 Nf4 21.Bxf4 Qxf4
22.Bxe6+ Kh8 23.dxc5 Bxf3 24.gxf3 Qg5+ 25.Kf1 Qxc5 26.Re1 Nh5 27.Qe4 Nf4
28.Bf5 Nd3 29.Re3 h6 30.Bg6 Nf4 31.Qe8 Qd6 32.Bf7 Rxe8  0-1

[Event "Tilburg"]
[Site "Tilburg"]
[Date "1994.??.??"]
[Round "1"]
[White "Van der Werf, Mark"]
[Black "Pigusov, Evgeny"]
[Result "1/2-1/2"]
[WhiteElo "2430"]
[BlackElo "2575"]

1.Nf3 Nf6 2.g3 c5 3.Bg2 g6 4.O-O Bg7 5.c4 O-O 6.d4 cxd4 7.Nxd4 d6 8.Nc3 Qa5
9.e3 Nc6 10.Bxc6 bxc6 11.Nxc6 Qc7 12.Nd5 Nxd5 13.cxd5 Bb7 14.Bd2 Rfc8 15.Rc1 Bxb2
16.Rc2 Ba3 17.Qg4 Bxc6 18.Rxc6 Qb7 19.Qe4 Rab8 20.Bc3 Bc5 21.h4 e5 22.Kh2 Rxc6
23.dxc6 Qa6 24.Rc1 Qxa2 25.Kg2 Rc8 26.h5 Qa6 27.Bxe5 Qxc6 28.Qxc6 Rxc6 29.Bxd6 Rxd6
30.Rxc5  1/2-1/2

[Event "Tilburg"]
[Site "Tilburg"]
[Date "1994.??.??"]
[Round "1"]
[White "Van der Wiel, John TH"]
[Black "Glek, Igor V"]
[Result "1/2-1/2"]
[WhiteElo "2555"]
[BlackElo "2615"]

1.e4 e6 2.d4 d5 3.Nd2 c5 4.exd5 Qxd5 5.Ngf3 cxd4 6.Bc4 Qd6 7.O-O Nf6 8.Nb3 Nc6
9.Nbxd4 Nxd4 10.Nxd4 a6 11.a4 Qc7 12.Qe2 Bd6 13.Nf5 Bxh2+ 14.Kh1 Kf8 15.Ng3 h5
16.Kxh2 h4 17.Kg1 hxg3 18.fxg3 e5 19.b3 Be6 20.Ba3+ Kg8 21.Bxe6 Qb6+ 22.Qf2 Qxe6
23.Qf5 Qb6+ 24.Qf2 Qe6 25.Qf5 Re8 26.Rad1 Rh5 27.Qxe6 Rxe6 28.Rd8+ Kh7 29.Rb8 b6
30.Bc1 Kg6 31.Rb7 e4 32.g4 Rd5 33.g5 Nd7 34.Be3 Rc6 35.c4 Rd3 36.Re1 a5 37.Bf2 Re6
38.Be3 f6 39.gxf6 gxf6 40.Kf1 f5 41.Ke2 Ne5 42.Rh1 Ng4 43.Bf4 Rxb3 44.Rh8 Rb2+
45.Ke1 e3 46.Rg8+ Kf6 47.Rf8+ Kg6 48.Rg8+  1/2-1/2

[Event "Tilburg"]
[Site "Tilburg"]
[Date "1994.??.??"]
[Round "1"]
[White "Vladimirov, Evgeny"]
[Black "De Boer, Gert Jan"]
[Result "1-0"]
[WhiteElo "2580"]
[BlackElo "2435"]

1.Nf3 d5 2.c4 c6 3.d4 Nf6 4.e3 Bf5 5.Qb3 Qb6 6.cxd5 Qxb3 7.axb3 Nxd5 8.Bd2 e6
9.Na3 Be7 10.Be2 Nd7 11.O-O O-O 12.Rfc1 Rfc8 13.Ne1 c5 14.f3 Bg6 15.e4 N5b6
16.Be3 cxd4 17.Bxd4 e5 18.Be3 Bc5 19.Kf2 f6 20.Nb5 Bxe3+ 21.Kxe3 Rxc1 22.Rxc1 Rc8
23.Rd1 a6 24.Nd6 Rc7 25.Nd3 Nc8 26.Nxc8 Rxc8 27.Nb4 Nc5 28.Rc1 a5 29.Nd5 Kf7
30.Bb5 f5 31.Bd7 Rd8 32.Bxf5 Nxb3 33.Rc7+ Kf8 34.Bxg6 hxg6 35.Rxb7 Nd4 36.f4 Nc6  1-0

[Event "Tilburg"]
[Site "Tilburg"]
[Date "1994.??.??"]
[Round "1"]
[White "Vyzmanavin, Alexey"]
[Black "Mokry, Karel"]
[Result "1-0"]
[WhiteElo "2610"]
[BlackElo "2530"]

1.d4 d6 2.Nf3 Bg4 3.c4 Nd7 4.Nc3 e5 5.g3 Bxf3 6.exf3 Ngf6 7.Bg2 exd4 8.Qxd4 Be7
9.O-O O-O 10.Be3 Re8 11.f4 c6 12.h3 a5 13.b3 Nc5 14.Rab1 Bf8 15.g4 g6 16.Rbd1 Bg7
17.Qd2 Qe7 18.Qc2 Nfd7 19.Ne2 a4 20.b4 Ne4 21.Bxe4 Qxe4 22.Qxe4 Rxe4 23.Rxd6 Nf8
24.Rc1 Bb2 25.Rc2 a3 26.f5 Ree8 27.Kg2 gxf5 28.gxf5 Be5 29.Rd3 Kg7 30.Ng3 Bxg3
31.fxg3 Kf6 32.g4 Kg7 33.Kf3 f6 34.b5 Rec8 35.b6 Rd8 36.Rcd2 Rxd3 37.Rxd3 Ra4
38.Rd8 Rxc4 39.Rb8 Kf7 40.Rxb7+ Ke8 41.Rb8+  1-0

[Event "Tilburg"]
[Site "Tilburg"]
[Date "1994.??.??"]
[Round "1"]
[White "Wahls, Matthias"]
[Black "Ehlvest, Jaan"]
[Result "0-1"]
[WhiteElo "2540"]
[BlackElo "2600"]

1.e4 c5 2.Nf3 d6 3.d4 cxd4 4.Nxd4 Nf6 5.Nc3 a6 6.f4 e5 7.Nf3 Nbd7 8.Bd3 Be7
9.O-O O-O 10.Kh1 b5 11.a3 exf4 12.Bxf4 Bb7 13.Nd4 g6 14.Qd2 Ne5 15.Rae1 Re8
16.Qf2 Rc8 17.Nd5 Bxd5 18.exd5 Nxd3 19.cxd3 Nxd5 20.Bg5 Bxg5 21.Qxf7+ Kh8
22.Qxd5 Rxe1 23.Rxe1 Bf6 24.Ne6 Qd7 25.d4 Qc6 26.Qb3 d5 27.Nf4 Bxd4 28.Nxd5 Qe6
29.Rf1 Rd8 30.Qb4 Qxd5 31.Qe7 Bxb2 32.h4  0-1

[Event "Tilburg"]
[Site "Tilburg"]
[Date "1994.??.??"]
[Round "1"]
[White "Wojtkiewicz, Aleksander"]
[Black "Azmaiparashvili, Zurab"]
[Result "1/2-1/2"]
[WhiteElo "2560"]
[BlackElo "2625"]

1.d4 d6 2.e4 g6 3.Nf3 Bg7 4.c3 Nf6 5.Bd3 O-O 6.O-O Bg4 7.Nbd2 e5 8.dxe5 dxe5
9.Nc4 Nfd7 10.h3 Nc5 11.hxg4 Qxd3 12.Qxd3 Nxd3 13.Rd1 Nc5 14.Ncxe5 Nxe4 15.Be3 Re8
16.Nc4 Na6 17.Na5 Nac5 18.a4 Rad8 19.Rxd8 Rxd8 20.Ng5 Nxg5 21.Bxc5 Ne6 22.Be3 a6
23.Re1 b6 24.Nc6 Rd6 25.Nb4 b5 26.axb5 axb5 27.Ra1 c6 28.Ra8+ Bf8 29.Na6 Kg7
30.f4 Rd5 31.Kf2 h5 32.gxh5 Rxh5 33.g4 Rh2+ 34.Kg3 Rxb2 35.f5 Bd6+ 36.Kf3 gxf5
37.gxf5 Nc7 38.Nxc7 Bxc7 39.Rc8  1/2-1/2

[Event "Tilburg"]
[Site "Tilburg"]
[Date "1994.??.??"]
[Round "1"]
[White "Yermolinsky, Alex"]
[Black "Marin, Mihail"]
[Result "1-0"]
[WhiteElo "2590"]
[BlackElo "2520"]

1.d4 Nf6 2.c4 c5 3.d5 d6 4.Nc3 g6 5.e4 Bg7 6.Bd3 O-O 7.h3 e6 8.Bg5 exd5 9.cxd5 Re8
10.Nf3 c4 11.Bc2 b5 12.a3 a6 13.O-O Nbd7 14.Re1 Bb7 15.Qd2 Qb6 16.Be3 Qc7
17.Bh6 Rac8 18.Rad1 Qb6 19.Bxg7 Kxg7 20.Nd4 Re7 21.Qf4 Re5 22.Qg3 Nh5 23.Qe3 Nhf6
24.Kh2 Rce8 25.f4 R5e7 26.Qg3 Kh8 27.Qg5 Ng8 28.Qh4 Nc5 29.Nf3 f6 30.e5 Kg7
31.exf6+ Nxf6 32.Rxe7+ Rxe7 33.f5 Nd3 34.Bxd3 cxd3 35.Rxd3 Re3 36.Qf2  1-0

[Event "Tilburg"]
[Site "Tilburg"]
[Date "1994.??.??"]
[Round "1"]
[White "Yudasin, Leonid"]
[Black "Rogers, Ian"]
[Result "1/2-1/2"]
[WhiteElo "2625"]
[BlackElo "2560"]

1.e4 c6 2.d4 d5 3.e5 Bf5 4.h4 h5 5.c4 e6 6.Nc3 Be7 7.cxd5 cxd5 8.Bd3 Bxd3
9.Qxd3 Nc6 10.Nf3 a6 11.g3 Bb4 12.O-O Nge7 13.Ne2 Nf5 14.a3 Qa5 15.Be3 Be7
16.b4 Qd8 17.Rfc1 Rc8 18.Nc3 O-O 19.Na4 a5 20.b5 Na7 21.Bd2 Rxc1+ 22.Rxc1 b6
23.Bxa5 bxa5 24.b6 Qd7 25.Rc7 Qxa4 26.bxa7 Ra8 27.Qb1 Bf8 28.Rxf7 Kxf7 29.Qb7+ Kg6
30.Qxa8 Qd1+ 31.Kg2 Ne3+ 32.fxe3 Qe2+ 33.Kg1 Qxe3+ 34.Kg2 Qe2+ 35.Kg1  1/2-1/2

[Event "Tilburg"]
[Site "Tilburg"]
[Date "1994.??.??"]
[Round "1"]
[White "Yurtaev, Leonid"]
[Black "Akopian, Vladimir"]
[Result "1/2-1/2"]
[WhiteElo "2530"]
[BlackElo "2630"]

1.Nf3 Nf6 2.g3 g6 3.Bg2 Bg7 4.O-O O-O 5.c4 d6 6.Nc3 e5 7.d4 Nbd7 8.e4 exd4
9.Nxd4 Re8 10.h3 Nc5 11.Re1 Bd7 12.Rb1 h6 13.f3 c6 14.Be3 Qc7 15.b4 Ne6 16.Nde2 a5
17.b5 cxb5 18.Nxb5 Bxb5 19.cxb5 d5 20.exd5 Qe5 21.Bf2 Qxd5 22.Qxd5 Nxd5 23.f4 Nb4
24.Bxb7 Rab8 25.Bf3 Nxa2 26.b6 Nb4 27.Red1 Bf8 28.Nc3 Bc5 29.Na4 Bxf2+ 30.Kxf2 Rec8
31.Rb2 Rc4 32.b7 Rc7 33.Rbd2 Rbxb7 34.Bxb7 Rxb7 35.Rd7 Rb8 36.Rc1 h5 37.Rc4 Kg7
38.Kf3 Na6 39.Rd5 Rb3+ 40.Rc3 Rb7 41.Rxa5 Nac7 42.h4 Nb5 43.Rd3 Nbd4+ 44.Kf2 Nf5
45.Nc3 Rb2+ 46.Kf1 Ned4 47.Re5 Rb3 48.Kf2 Nh6 49.Rd5 Ng4+ 50.Kg1 Rxc3 51.R5xd4 Rc1+
52.Rd1 Rc3 53.R4d3 Rc5 54.Ra1 Rb5 55.Kf1 Rc5 56.Ra7 Rb5 57.Rdd7 Nh6 58.Rdb7 Rc5
59.Rb3 Nf5 60.Rba3 Rc2 61.R7a5 Rb2 62.Re5 Nh6 63.Re2 Rb4 64.Kg2 Nf5 65.Re5 Rc4
66.Kh3 Rc1 67.Kg2 Rc4 68.Kf2 Rb4 69.Rd5 Rc4 70.Rd7 Rb4 71.Raa7 Rb2+ 72.Kf3 Rb3+
73.Ke2 Rb2+ 74.Kd3 Nh6 75.Ke4 Rb4+ 76.Kf3 Rb3+ 77.Kf2 Rb2+ 78.Kf1 Rb3 79.Kg2  1/2-1/2

[Event "Tilburg"]
[Site "Tilburg"]
[Date "1994.??.??"]
[Round "1"]
[White "Zvjaginsev, Vadim"]
[Black "Olafsson, Helgi"]
[Result "0-1"]
[WhiteElo "2585"]
[BlackElo "2520"]

1.d4 Nf6 2.c4 e6 3.Nc3 Bb4 4.Nf3 c5 5.g3 O-O 6.Bg2 cxd4 7.Nxd4 d5 8.cxd5 Nxd5
9.Qb3 Qb6 10.Bxd5 Qxd4 11.Bg2 Nc6 12.O-O Na5 13.Qc2 Bxc3 14.bxc3 Qc5 15.Rd1 Nc4
16.Qe4 e5 17.Qh4 Be6 18.Bxb7 Rab8 19.Be4 f5 20.Bc2 h6 21.Bb3 Rf6 22.Rd3 a5
23.Be3 Qc6 24.Rad1 a4 25.Bc2 Rb2 26.Bb1 Nxe3 27.Rxe3 e4 28.a3 Qb7 29.Bxe4 fxe4
30.Rxe4 g5  0-1

[Event "Tilburg"]
[Site "Tilburg"]
[Date "1994.??.??"]
[Round "1"]
[White "Adianto, Utut"]
[Black "Sokolov, Andrei"]
[Result "1-0"]
[WhiteElo "2520"]
[BlackElo "2580"]

1.d4 Nf6 2.c4 e6 3.Nc3 Bb4 4.Qc2 c5 5.dxc5 Bxc5 6.Bf4 Nh5 7.Bg3 Nc6 8.e3 Qa5
9.a3 Be7 10.Be2 Nxg3 11.hxg3 Bf6 12.Rc1 g6 13.Nf3 d6 14.Qd2 Ke7 15.g4 b6
16.g5 Bg7 17.Nd4 Nxd4 18.exd4 Bb7 19.b4 Qxa3 20.Rh3 Qxc1+ 21.Qxc1 Bxd4 22.Nb5 Be5
23.f4 Bg7 24.Bf3 Bxf3 25.Rxf3 a6 26.Na3 Rhc8 27.Qe3 Rc6 28.Rh3 Kf8 29.Rxh7 d5
30.Kf2 Rac8 31.b5 axb5 32.Rxg7 Kxg7 33.cxd5 exd5 34.Nxb5 Kg8 35.Nd4 Rc4 36.f5 gxf5
37.Nxf5 Re4 38.Nh6+ Kf8 39.Qf3 Rc7 40.Qf6 Ke8 41.Qxb6 Kd7 42.Qf6 Ke8 43.Kg3 Re6
44.Qh8+ Ke7 45.Nf5+ Kd7 46.Qf8  1-0

[Event "Tilburg"]
[Site "Tilburg"]
[Date "1994.??.??"]
[Round "1"]
[White "Dokhoian, Yury"]
[Black "Van Mil, Johannes A J"]
[Result "1-0"]
[WhiteElo "2580"]
[BlackElo "2490"]

1.d4 f5 2.Nf3 Nf6 3.Bg5 e6 4.Nbd2 Be7 5.Bxf6 Bxf6 6.e4 O-O 7.c3 d5 8.exf5 exf5
9.Bd3 Re8+ 10.Kf1 Be6 11.Qc2 Qd7 12.h4 g6 13.Ng5 Nc6 14.Ndf3 Kg7 15.h5 Bg8
16.hxg6 hxg6 17.Qd2 Re4 18.Nxe4 fxe4 19.Bc2 Qg4 20.Qh6+ Kf7 21.Nh2 Qf5 22.Qh3 Ke7
23.Ng4 Be6 24.Nxf6 Qxf6 25.Qg3 Kd7 26.Ba4 Qf7 27.Rh6 Rg8 28.Kg1 a6 29.Bxc6+ Kxc6
30.Rf1 Bf5 31.Qh2 Rg7 32.f3 Qe7 33.fxe4 Bxe4 34.Qf4 Kb5 35.Qd2 Qe6 36.b3 Re7
37.Rh4 Bf5 38.Rhf4 Rh7 39.Re1 Qd6 40.Re5 Kb6 41.Qe3 c6 42.c4 Ka7 43.c5 Qf8
44.Re8  1-0

[Event "Tilburg"]
[Site "Tilburg"]
[Date "1994.??.??"]
[Round "2"]
[White "Ye Jiangchuan"]
[Black "Salov, Valery"]
[Result "1/2-1/2"]
[WhiteElo "2575"]
[BlackElo "2710"]

1.e4 c5 2.Nf3 Nc6 3.d4 cxd4 4.Nxd4 e5 5.Nb5 d6 6.c4 Be7 7.Bd3 a6 8.N5c3 Bg5
9.Na3 Bxc1 10.Rxc1 Nf6 11.O-O O-O 12.Nc2 Be6 13.Qd2 Qb6 14.Ne3 Rfc8 15.Rfd1 Nd4
16.b3 Rab8 17.Rf1 Qa7 18.Kh1 b5 19.f4 Kh8 20.Qf2 Qe7 21.Rce1 Qd8 22.Ncd5 Nd7
23.Qg3 f6 24.Rd1 Nc5  1/2-1/2

[Event "Tilburg"]
[Site "Tilburg"]
[Date "1994.??.??"]
[Round "2"]
[White "Vaganian, Rafael A"]
[Black "Dokhoian, Yury"]
[Result "1-0"]
[WhiteElo "2645"]
[BlackElo "2580"]

1.Nf3 Nf6 2.g3 b6 3.Bg2 Bb7 4.c4 e6 5.O-O Be7 6.Nc3 O-O 7.Re1 Ne4 8.Nxe4 Bxe4
9.d3 Bb7 10.d4 Be4 11.Nh4 Bxg2 12.Nxg2 d6 13.e4 Nd7 14.d5 Bf6 15.Nf4 Qe7
16.a4 a5 17.Nh5 Rfe8 18.Ra3 Qf8 19.f4 Bd8 20.g4 g6 21.Ng3 Bf6 22.Rf3 Bg7
23.b3 Qe7 24.g5 Nc5 25.Kg2 Qd7 26.Bd2 Re7 27.dxe6 Rxe6 28.f5 Ree8 29.Bf4 Qc6
30.Rfe3 Be5 31.Qd5 Qb7 32.Qxb7 Nxb7 33.Ne2 Nc5 34.Kf3 Re7 35.h4 Rae8 36.f6 Re6
37.Bxe5 Rxe5 38.Nd4 h6 39.Nc6 hxg5 40.Nxe5 Rxe5 41.hxg5 Rxg5 42.e5 Rf5+ 43.Kg4 dxe5
44.Rf3 Rh5 45.Rh3 Rf5 46.Rf3 Rh5 47.Rd1 Ne6 48.Rff1 e4 49.Kg3 Rg5+ 50.Kf2 Rh5
51.Ke3 Rh3+ 52.Kxe4 Rxb3 53.Kd5 Rc3 54.Rd2 c6+ 55.Kd6 Rxc4 56.Rh2 Nf4 57.Rh4 g5
58.Rg1 Rd4+ 59.Kxc6 Rc4+ 60.Kb7  1-0